000 01451cam a2200169 4500500
005 20260426010520.0
041 _afre
042 _adc
100 1 0 _aMirguet, Françoise
_eauthor
245 0 0 _aEssai d'interprétation de Lévitique 10
260 _c2005.
500 _a64
520 _aAnalysant le récit de Lévitique 10, particulièrement la mort tragique de Nadav et Avihou (Lv 10,1-2), Françoise Mirguet* tente une interprétation de l’ensemble du chapitre, en reliant plus précisément la scène initiale avec les prescriptions et reproches de Moïse qui suivent. Elle se penche ensuite sur les relations entre cet épisode et celui du taurillon d’or (Ex 32), pour proposer une hypothèse d’interprétation globale de ces deux récits.
520 _aBy analysing the story of Leviticus 10, and in particular that of the tragic death of Nadab and Abihu ( Lev 10:1-2), Françoise Mirguet offers her interpretation of the whole chapter, relating the opening scene to the following prescriptions and reproaches uttered by Moses. She also examines the relationship between this episode and that of the molten calf (Exodus 32) in order to propose the hypothesis of a global interpretation of the two stories.
786 0 _nÉtudes théologiques et religieuses | 80 | 2 | 2005-06-01 | p. 261-271 | 0014-2239
856 4 1 _uhttps://shs.cairn.info/revue-etudes-theologiques-et-religieuses-2005-2-page-261?lang=fr&redirect-ssocas=7080
999 _c2222479
_d2222479